[Event "FRA-chT2 0910"]
[Site "France"]
[Date "2010.01.24"]
[Round "7.2"]
[White "Leruste, Georges"]
[Black "Marin, Sebastien"]
[Result "0-1"]
[WhiteElo "2131"]
[BlackElo "2178"]
[PlyCount "100"]
[EventDate "2009.09.27"]
[EventType "team-tourn"]
[EventRounds "11"]
[EventCountry "FRA"]
[SourceTitle "EXT 2011"]
[Source "ChessBase"]
[SourceDate "2010.11.26"]
[SourceVersion "1"]
[SourceVersionDate "2010.11.26"]
[SourceQuality "1"]

1. Nf3 Nf6 2. g3 g6 3. b3 Bg7 4. Bb2 0-0 5. Bg2 c5 6. c4 Nc6 7. 0-0 d6 8. d4 Bg4 9. d5 Bxf3 10. exf3 Nd4 11. Nc3 Nd7 12. Rb1 a6 13. Ne2 Nxe2+ 14. Qxe2 b5 15. Bxg7 Kxg7 16. Rfe1 Re8 17. f4 Qa5 18. h4 Nf6 19. Bf3 Rab8 20. h5 gxh5 21. cxb5 axb5 22. b4 cxb4 23. Qd2 Ra8 24. Rxb4 Qxa2 25. Qd3 Ra3 26. Qd1 Ra5 27. Re2 Qa3 28. Rb3 Qc5 29. Rc2 Qa7 30. Qd3 Rb8 31. Qf5 h6 32. Rcb2 Qd4 33. Rb4 Ra1+ 34. Kg2 Qc3 35. Rb1 Ra2 36. R4b3 Qd2 37. Rf1 b4 38. Re3 Rb7 39. Re2 Qxe2 40. Bxe2 Rxe2 41. Qc8 Ra7 42. Qb8 Raa2 43. Qxb4 Ng4 44. Qc3+ f6 45. Kg1 Nxf2 46. Qc8 Ng4 47. Rf3 Rg2+ 48. Kh1 Rh2+ 49. Kg1 Rag2+ 50. Kf1 Rc2 0-1

[Event "FRA-chT2 0910"]
[Site "France"]
[Date "2009.12.13"]
[Round "6.5"]
[White "Leruste, Georges"]
[Black "Stenel, Vincent"]
[Result "1/2-1/2"]
[WhiteElo "2135"]
[BlackElo "2066"]
[PlyCount "160"]
[EventDate "2009.09.27"]
[EventType "team-tourn"]
[EventRounds "11"]
[EventCountry "FRA"]
[SourceTitle "EXT 2011"]
[Source "ChessBase"]
[SourceDate "2010.11.26"]
[SourceVersion "1"]
[SourceVersionDate "2010.11.26"]
[SourceQuality "1"]

1. Nf3 Nf6 2. g3 g6 3. b3 Bg7 4. Bb2 d6 5. d4 0-0 6. Bg2 Nbd7 7. 0-0 Re8 8. Nbd2 c6 9. e4 Qc7 10. Re1 e5 11. dxe5 dxe5 12. Nc4 Bf8 13. a4 b5 14. axb5 cxb5 15. Ne3 Bc5 16. Nd5 Qd6 17. h3 Bb7 18. c4 bxc4 19. bxc4 Bxd5 20. cxd5 Bxf2+ 21. Kxf2 Qb6+ 22. Bd4 exd4 23. Nxd4 a5 24. Rb1 Qa7 25. Kf1 Ne5 26. Nb5 Qc5 27. Qd4 Qxd4 28. Nxd4 Nc4 29. Rbd1 Nd7 30. Nc6 a4 31. Rd4 Nce5 32. Ra1 a3 33. Rb4 Ra6 34. Rb3 Nxc6 35. dxc6 Rxc6 36. Rbxa3 Rf6+ 37. Kg1 Nc5 38. Re1 Rfe6 39. Rae3 Kg7 40. Kf2 f5 41. exf5 Nd3+ 42. Rxd3 Rxe1 43. fxg6 R8e2+ 44. Kf3 hxg6 45. h4 Rb2 46. Bh3 Ree2 47. Bd7 Rf2+ 48. Kg4 Rbd2 49. Rxd2 Rxd2 50. Bc6 Kf6 51. Be8 Rd8 52. Bb5 Rd4+ 53. Kf3 Kf5 54. Ba6 Rb4 55. Bd3+ Kf6 56. Ba6 g5 57. hxg5+ Kxg5 58. Bc8 Rb3+ 59. Kf2 Kf6 60. Bd7 Ke5 61. Bc6 Rb6 62. Bf3 Rf6 63. Ke3 Rg6 64. Kf2 Kd4 65. g4 Rf6 66. Kg3 Ke3 67. Bb7 Rf1 68. Bc8 Rg1+ 69. Kh4 Kf4 70. Kh5 Rc1 71. Bf5 Rc6 72. Bd7 Rd6 73. Bf5 Rf6 74. Bd7 Rf7 75. Bf5 Rg7 76. Kh6 Rg5 77. Kh7 Ke5 78. Kh6 Kf6 79. Kh7 Rg7+ 80. Kh6 Rg8 1/2-1/2

[Event "Avoine op 24th"]
[Site "Avoine"]
[Date "2009.07.25"]
[Round "8"]
[White "Leruste, Georges"]
[Black "Saatdjian, Stephane"]
[Result "1/2-1/2"]
[WhiteElo "2136"]
[BlackElo "1921"]
[PlyCount "77"]
[EventDate "2009.07.18"]
[EventType "swiss"]
[EventRounds "9"]
[EventCountry "FRA"]
[SourceTitle "CBM 131 Extra"]
[Source "ChessBase"]
[SourceDate "2009.09.03"]
[SourceVersion "2"]
[SourceVersionDate "2009.09.16"]
[SourceQuality "1"]

1. Nf3 c5 2. g3 Nc6 3. Bg2 g6 4. c3 Bg7 5. d4 cxd4 6. cxd4 d5 7. Nc3 e6 8. 0-0 Nge7 9. b3 0-0 10. e3 b6 11. Ba3 Re8 12. Qd2 Ba6 13. Rfd1 Nf5 14. Rac1 Rc8 15. Rc2 Bf8 16. Bxf8 Rxf8 17. h4 Nb4 18. Rcc1 Nc6 19. Qb2 Nd6 20. Ng5 h6 21. Nh3 Nb5 22. Nxb5 Bxb5 23. a4 Ba6 24. b4 Bc4 25. Nf4 Qe7 26. Rb1 Rb8 27. Rdc1 Rfc8 28. e4 a5 29. exd5 Nxb4 30. dxe6 Bxe6 31. d5 Bf5 32. Rxc8+ Rxc8 33. Rc1 Rxc1+ 34. Qxc1 Qd7 35. Qe3 Qd6 36. Qe8+ Kg7 37. Qe3 Kg8 38. Qe8+ Kg7 39. Qe3 1/2-1/2

[Event "Avoine op 24th"]
[Site "Avoine"]
[Date "2009.07.24"]
[Round "7"]
[White "Naudion, Gregoire"]
[Black "Leruste, Georges"]
[Result "1/2-1/2"]
[WhiteElo "1926"]
[BlackElo "2136"]
[PlyCount "67"]
[EventDate "2009.07.18"]
[EventType "swiss"]
[EventRounds "9"]
[EventCountry "FRA"]
[SourceTitle "CBM 131 Extra"]
[Source "ChessBase"]
[SourceDate "2009.09.03"]
[SourceVersion "2"]
[SourceVersionDate "2009.09.16"]
[SourceQuality "1"]

1. e4 e6 2. d4 d5 3. e5 c5 4. c3 Qb6 5. Nf3 Nc6 6. Bd3 cxd4 7. cxd4 Bd7 8. 0-0 Nxd4 9. Nxd4 Qxd4 10. Nc3 a6 11. Qe2 Ne7 12. Kh1 Nc6 13. f4 Bc5 14. a3 Ba7 15. Bd2 Ne7 16. Rad1 h5 17. Rf3 Qb6 18. Be3 Qd8 19. Bxa7 Rxa7 20. Rh3 g6 21. g4 h4 22. Qf2 Nc8 23. Ne2 b5 24. Rc1 Rc7 25. Rxc7 Qxc7 26. Rxh4 Rg8 27. Rh7 Nb6 28. Qd4 Nc4 29. b3 Nxa3 30. Bxg6 fxg6 31. Qb4 Kd8 32. Qe7+ Kc8 33. Qxa3 a5 34. Qb2 1/2-1/2

[Event "FRA-chT2 North 0809"]
[Site "France"]
[Date "2009.03.15"]
[Round "9.4"]
[White "Seret, Jean Renaud"]
[Black "Leruste, Georges"]
[Result "1-0"]
[WhiteElo "2183"]
[BlackElo "2129"]
[PlyCount "109"]
[EventDate "2008.10.19"]
[EventType "team-tourn"]
[EventRounds "11"]
[EventCountry "FRA"]
[SourceTitle "EXT 2010"]
[Source "ChessBase"]
[SourceDate "2010.11.25"]
[SourceVersion "1"]
[SourceVersionDate "2010.11.25"]
[SourceQuality "1"]
[WhiteTeam "Gif sur Yvette"]
[BlackTeam "Arras"]
[WhiteTeamCountry "FRA"]
[BlackTeamCountry "FRA"]

1. e4 c5 2. Nf3 g6 3. d4 cxd4 4. Nxd4 Nc6 5. Nc3 Bg7 6. Be3 Nf6 7. f3 0-0 8. Qd2 d5 9. 0-0-0 dxe4 10. Nxc6 Qxd2+ 11. Bxd2 bxc6 12. Nxe4 Nxe4 13. fxe4 Be6 14. b3 c5 15. Ba6 Rab8 16. c4 Bg4 17. Rde1 Rb6 18. Bb5 Bd4 19. h3 Bc8 20. Rhf1 Re6 21. g4 Bb7 22. Rf4 Be5 23. Rf3 Bd4 24. Rf4 Be5 25. Rf3 Rd8 26. Ref1 f6 27. Re1 Rd4 28. Rfe3 Bf4 29. R3e2 Rxd2 30. Rxd2 Rxe4 31. Rxe4 Bxe4 32. b4 cxb4 33. c5 f5 34. c6 a6 35. c7 Bxc7 36. Bc4+ Kf8 37. Rd7 Bf4+ 38. Kd1 fxg4 39. hxg4 h5 40. gxh5 gxh5 41. Bxa6 Bd6 42. Bf1 Kg7 43. Ra7 h4 44. Bh3 Bd5 45. Ra5 Bf7 46. Ke2 Kf6 47. Rf5+ Kg6 48. Ra5 Bc4+ 49. Kf3 Bg3 50. Ke4 Bd6 51. Kd4 Bf7 52. Ke4 Be8 53. Kf3 Bc6+ 54. Kg4 Bg3 55. Ra6 1-0

[Event "FRA-chT2 North 0809"]
[Site "France"]
[Date "2009.02.08"]
[Round "7.5"]
[White "Dupont, Dany"]
[Black "Leruste, Georges"]
[Result "0-1"]
[WhiteElo "1995"]
[BlackElo "2129"]
[PlyCount "92"]
[EventDate "2008.10.19"]
[EventType "team-tourn"]
[EventRounds "11"]
[EventCountry "FRA"]
[SourceTitle "EXT 2010"]
[Source "ChessBase"]
[SourceDate "2010.11.25"]
[SourceVersion "1"]
[SourceVersionDate "2010.11.25"]
[SourceQuality "1"]
[WhiteTeam "Le Touquet"]
[BlackTeam "Arras"]
[WhiteTeamCountry "FRA"]
[BlackTeamCountry "FRA"]

1. e4 c5 2. Nc3 g6 3. f4 Bg7 4. Nf3 Nc6 5. Bc4 e6 6. f5 Nge7 7. fxe6 dxe6 8. d3 0-0 9. 0-0 Na5 10. Bb3 Nxb3 11. axb3 e5 12. Bg5 f6 13. Be3 b6 14. Ra4 a5 15. Qe1 Be6 16. Qg3 Nc6 17. Nh4 Nd4 18. Rf2 Qd7 19. Ra1 Kh8 20. Raf1 f5 21. Qg5 f4 22. Bxd4 cxd4 23. Nb1 Kg8 24. Nf3 Bf6 25. Qh6 Bg7 26. Qg5 Bf6 27. Qh6 Qe7 28. Na3 Bg4 29. Kh1 Rac8 30. Kg1 Rc5 31. Kh1 Be6 32. Kg1 Bg7 33. Qg5 Qd7 34. Kh1 Qe8 35. Rd2 h6 36. Qh4 g5 37. Qf2 g4 38. Ng1 Qh5 39. Qe2 Bf6 40. Nc4 Bg5 41. Rdd1 Rfc8 42. Ra1 Bh4 43. Nh3 f3 44. gxf3 gxh3 45. Rg1+ Kh8 46. Raf1 Bg5 0-1

[Event "FRA-chT2 North 0809"]
[Site "France"]
[Date "2009.01.18"]
[Round "6.2"]
[White "Krivokapic, Ratko"]
[Black "Leruste, Georges"]
[Result "1/2-1/2"]
[WhiteElo "2212"]
[BlackElo "2129"]
[PlyCount "50"]
[EventDate "2008.10.19"]
[EventType "team-tourn"]
[EventRounds "11"]
[EventCountry "FRA"]
[SourceTitle "EXT 2010"]
[Source "ChessBase"]
[SourceDate "2010.11.25"]
[SourceVersion "1"]
[SourceVersionDate "2010.11.25"]
[SourceQuality "1"]
[WhiteTeam "Le Vesinet"]
[BlackTeam "Arras"]
[WhiteTeamCountry "FRA"]
[BlackTeamCountry "FRA"]

1. Nf3 c5 2. c4 g6 3. d4 cxd4 4. Nxd4 Nc6 5. e4 Nf6 6. Nc3 Nxd4 7. Qxd4 d6 8. Be2 Bg7 9. Be3 0-0 10. Qd2 a5 11. Rc1 a4 12. c5 Qa5 13. cxd6 exd6 14. 0-0 Re8 15. Rfd1 Qb4 16. a3 Qb3 17. Bf3 Bg4 18. Bd4 Bxf3 19. gxf3 Qe6 20. Nb5 Qh3 21. Nc7 Qxf3 22. Nxe8 Qg4+ 23. Kf1 Qh3+ 24. Kg1 Qg4+ 25. Kf1 Qh3+ 1/2-1/2

[Event "FRA-chT2 North 0809"]
[Site "France"]
[Date "2008.11.22"]
[Round "2.4"]
[White "Leruste, Georges"]
[Black "Gosset, Arnaud"]
[Result "1/2-1/2"]
[WhiteElo "2129"]
[BlackElo "2182"]
[PlyCount "73"]
[EventDate "2008.10.19"]
[EventType "team-tourn"]
[EventRounds "11"]
[EventCountry "FRA"]
[SourceTitle "EXT 2010"]
[Source "ChessBase"]
[SourceDate "2010.11.25"]
[SourceVersion "1"]
[SourceVersionDate "2010.11.25"]
[SourceQuality "1"]
[WhiteTeam "Arras"]
[BlackTeam "Noyon II"]
[WhiteTeamCountry "FRA"]
[BlackTeamCountry "FRA"]

1. Nf3 d5 2. g3 Nc6 3. d4 Bg4 4. Bg2 e6 5. 0-0 Bd6 6. c4 Nf6 7. b3 0-0 8. Bb2 Bxf3 9. Bxf3 Re8 10. cxd5 exd5 11. Nc3 Bb4 12. Rc1 Bxc3 13. Bxc3 Ne4 14. Bb2 Qd6 15. Bg2 a5 16. a3 f5 17. e3 Re7 18. Qd3 g6 19. Rfe1 Qd7 20. Rc2 a4 21. b4 Na7 22. Rce2 Rae8 23. f3 Nd6 24. e4 fxe4 25. fxe4 dxe4 26. Bxe4 Nxe4 27. Rxe4 Rxe4 28. Rxe4 Rf8 29. Qe3 Qb5 30. Rf4 Qd5 31. Rxf8+ Kxf8 32. Qf4+ Qf7 33. Qe5 Nc6 34. Qh8+ Qg8 35. Qf6+ Qf7 36. Qh8+ Qg8 37. Qf6+ 1/2-1/2

[Event "Le Touquet op-A"]
[Site "Le Touquet"]
[Date "2008.10.30"]
[Round "7"]
[White "Hadet, Emmanuel"]
[Black "Leruste, Georges"]
[Result "0-1"]
[WhiteElo "2029"]
[BlackElo "2144"]
[PlyCount "182"]
[EventDate "2008.10.25"]
[EventType "swiss"]
[EventRounds "9"]
[EventCountry "FRA"]
[SourceTitle "EXT 2009"]
[Source "ChessBase"]
[SourceDate "2008.11.26"]
[SourceVersion "1"]
[SourceVersionDate "2008.11.26"]
[SourceQuality "1"]

1. Nf3 c5 2. c4 g6 3. d4 Bg7 4. Nc3 cxd4 5. Nxd4 Nc6 6. Nc2 Bxc3+ 7. bxc3 Qa5 8. Ne3 Nf6 9. g3 d6 10. Bg2 Qxc3+ 11. Bd2 Qa3 12. 0-0 0-0 13. Bc1 Qc5 14. Bb2 Ng4 15. Nd5 Nge5 16. Rc1 Rb8 17. Qa4 Re8 18. Ba3 Qa5 19. Qxa5 Nxa5 20. Nxe7+ Rxe7 21. Bxd6 Nec6 22. Rfd1 Re8 23. Bxb8 Nxb8 24. Rd5 Nbc6 25. e3 Be6 26. Rc5 Rd8 27. Bd5 a6 28. Rb1 Bc8 29. f4 Kf8 30. Rb6 Ke7 31. Bxc6 Rd1+ 32. Kf2 Nxc6 33. Rd5 Rc1 34. Rb2 Rxc4 35. Rbd2 Be6 36. Rd6 h5 37. Kf3 Bf5 38. Kf2 Rc1 39. R6d5 Be6 40. R5d3 Rc4 41. a3 b5 42. Rd6 a5 43. e4 Rc3 44. f5 gxf5 45. exf5 Bxf5 46. R6d5 Bg4 47. Rxb5 Rxa3 48. h3 Bxh3 49. Rxh5 Be6 50. Rc5 Nb4 51. Rc7+ Kf6 52. Ra7 a4 53. Rd4 Nd3+ 54. Kg1 Nb2 55. Rf4+ Ke5 56. Ra5+ Kd6 57. Rd4+ Kc6 58. Kf2 Ra2 59. Kf3 Nc4 60. Ra6+ Kc5 61. Rh4 Kb5 62. Ra7 Kb6 63. Re7 Ne5+ 64. Ke3 Ra3+ 65. Kf2 Ra2+ 66. Ke3 Ra1 67. Rb4+ Kc5 68. Reb7 Nc4+ 69. Kf4 Nd6 70. Rb8 a3 71. Ra4 a2 72. Ra5+ Kc6 73. Kg5 Rg1 74. Raa8 Rxg3+ 75. Kf6 Rf3+ 76. Ke7 Nc8+ 77. Rxc8+ Bxc8 78. Rxa2 Be6 79. Ra5 Bc4 80. Rg5 Rf1 81. Rh5 Bd3 82. Rg5 f5 83. Ke6 Re1+ 84. Kf6 Kd5 85. Rg8 f4 86. Rd8+ Kc4 87. Rc8+ Kd4 88. Kg5 f3 89. Rf8 Rg1+ 90. Kh4 Ke3 91. Re8+ Be4 0-1